000 01014nam0a22002531 4500
001 rc\657399
005 20220719145206.0
035 _a(NLR Aleph) 005896874
090 _a6235551
_c6235551
100 _a20031121d1986 u |0rusy50 ca
101 0 _arus
102 _aRU
105 _ay |||||||||
200 1 _aЭффективность использования голштинского скота
_e[Сб. ст.]
_fРосплемобъединение, Всерос. НИИ плем. дела
_g[Науч. ред. А.И. Прудов]
210 _aМ.
_cВНИИплем
_d1986
215 _a132, [1] с.
_d21
702 1 _aПрудов
_bА. И.
_f1928-2006
_gАлександр Иванович
_4340
712 0 2 _aВсероссийский НИИ племенного дела
_cпос. Лесные Поляны, Московская обл.
_3RU\NLR\AUTH\8810014565
_4570
801 0 _aRU
_bNLR
_gpsbo
801 1 _aRU
_bELAR
_2rusmarc
852 _aNLR
_j87-3/7918
942 _cBOOK
980 _aNB